LEADER 01087nam a2200229 i 4500 001 000000155460 003 CaOOAMICUS 005 20061111000000.0 008 061111s1974 it u000 u ita u 013 $a132812 040 $aSeMil$bita 100 1 $aFallani, Giovanni,$c.$0(OLS)http://semarc/name/1283 245 10$aCollezione vaticana d'arte religiosa moderna /$cGiovanni Fallani, Valerio Mariani, Giorgio Mascherpa. 260 $aMilano :$bSilvana Editoriale d'Arte,$ccopyr. 1974. 300 $a202 p. + catalogo ;$c32 cm. 650 4$aCittà del Vaticano - Collezione vaticana d'arte religiosa moderna.$0(OLS)http://semarc/subject/30425 700 1 $aMascherpa, Giorgio.$0(OLS)http://semarc/name/8520 700 1 $aMariani, Valerio.$0(OLS)http://semarc/name/5391 850 $aSeMil 852 $aSeMil$W1$xVenegono$y1$m5G XI 29$j107291$B107291$CSeMilBibl$Z2$F116693 $8I 996 $6245$aCollezione vaticana d'arte religiosa moderna$9(OLS)http://semarc/title/227664 996 $6260$aMilano :$bSilvana Editoriale d'Arte$9(OLS)http://semarc/publisher/34189 LEADER 01693nam a2200277 i 4500 001 000000001240 003 CaOOAMICUS 005 20180830125434.0 008 180830n gw u000 u und u 040 $aSeMil$bita 100 1 $aDölger, Franz Joseph <1879-1940>.$0(OLS)http://semarc/name/1090 245 10$aIchtys /$cvon Franz Joseph Dölger. 260 $aMünster in Westf. :$bAschendorff 300 $av. ;$c25 cm. 500 $aTitolo traslitterato dal greco antico. - Pubblicata da diversi editori. 650 4$aArte bizantina.$0(OLS)http://semarc/subject/453 650 4$aGesù Cristo - Simbologia.$0(OLS)http://semarc/subject/454 650 4$aPesci - Aspetti religiosi.$0(OLS)http://semarc/subject/455 650 4$aArte - Antichità.$0(OLS)http://semarc/subject/456 650 4$aSimboli - Cristianesimo.$0(OLS)http://semarc/subject/457 774 0 $aDölger, Franz Joseph <1879-1940>$tFisch-Symbol in frühchristlicher Zeit.$b2., durch neue Funde vermehrte Aufl.$dMünster in Westf. : Aschendorff, 1928.$gBd.1$w()189598 774 0 $aDölger, Franz Joseph <1879-1940>$tHeilige Fisch in den antiken Religionen und im Christentum.$dMünster in Westf. : Aschendorff, 1922.$gBd.2$w()189599 774 0 $aDölger, Franz Joseph <1879-1940>$tHeilige Fisch in den antiken Religionen und im Christentum.$dMünster in Westf. : Aschendorff, 1922.$gBd.3$w()189601 774 0 $aDölger, Franz Joseph <1879-1940>$tFisch-Denkmäler in der frühchristlichen Palstik, Malerei und Kleinkunst.$dMünster in Westf. : Aschendorff, 1922.$gBd.4$w()189602 996 $6245$aIchtys$9(OLS)http://semarc/title/2026 996 $6260$aMünster in Westf. :$bAschendorff$9(OLS)http://semarc/publisher/30193